000 00427nam a2200169Ia 4500
003 GCL
008 140319s9999 xx 000 0 ara d
040 _aGCL /
_cGCL
082 0 4 _aق
_b962.1
_bف ا
100 1 _aفؤاد فرج
245 1 0 _aالاسكندرية /
_cفؤاد فرج
300 _a115
490 _aالمدن المصرية
_v0
650 0 4 _aتاريخ
650 0 4 _aالاسكندرية
942 _2ddc
_cBK
999 _c42621
_d42621